Missing Word: 3-Letter Film Actors (A-Z) Quiz Stats

 Plays Quiz Updated Nov 20, 2012

Support Sporcle.
Go Orange.
Score 0/24 Timer 03:00
0 Plays Today
Clue Name % Correct
___ HanksTom
97.4%
___ EfronZac
92.6%
___ ThurmanUma
92.4%
___ LongoriaEva
92%
___ KilmerVal
90.9%
___ PesciJoe
90.5%
___ BasingerKim
90.4%
___ FarrowMia
87.8%
___ McKellenIan
87.5%
___ LoweRob
84.2%
___ CheadleDon
83.7%
___ HoskinsBob
78.7%
Clue Name % Correct
___ TylerLiv
77.2%
___ BrynnerYul
72.5%
___ WheatonWil
70.5%
___ WorthingtonSam
69.7%
___ PearceGuy
67.7%
___ HolbrookHal
66.7%
___ WrayFay
64%
___ BeattyNed
63.9%
___ MoritaPat
56.6%
___ CarneyArt
55.7%
___ RapaceOla
11.1%
___ AnvarCas
7.9%

Today's Daily Dose

You're not logged in!

Compare scores with friends on all Sporcle quizzes.
OR
Log In

From the Vault

Hit Leaders by Decade

by topper009

And the hits just keep on coming.
Remove Ads.
Support Sporcle.
Get the best of Sporcle when you Go Orange. This ad-free experience offers more features, more stats, and more fun while also helping to support Sporcle. Thank you for becoming a member.

Show Comments

Extras

Top Quizzes Today


Score Distribution

Your Account Isn't Verified!

In order to create a playlist on Sporcle, you need to verify the email address you used during registration. Go to your Sporcle Settings to finish the process.

Report this User

Report this user for behavior that violates our Community Guidelines.

Details: